000 01424cam a2200241 4500
001 ABS63785
008 000000n2001 000 0 eng u
035 _a(Sirsi) u111349
100 _aEdge, J
245 _aGlobalisation of real estate appraisal: a European perspective
260 _c2001
490 _aAppraisal Journal
_v69(1) January 2001, 84-94(11)
520 _aSuggests that the time is right for national standard-setting valuation and appraisal societies to influence what is happening internationally. Warns against neglecting what is happening on the interntional stage. For international appraisal methodologies and standards will eventually affect national and local standards. Provides working examples of how the valuation business operates in different parts of the world, especially Europe, and how the prospects for globalisation in this area are emerging. Principal areas in this field, which are considered, include: the development of common valuation standards, valuation concepts, the development of global property consultancy companies servicing global businesses, and the trend towards fair value convention.
590 _aABS
650 _aINTERNATIONAL
650 _aEUROPE
650 _aVALUATION STANDARDS
650 _aGLOBALISATION
650 _aAPPRAISAL METHODS
650 _aREAL ESTATE APPRAISAL
690 _aPROPERTY-PROPERTY APPRAISAL AND VALUATION
942 _n0
999 _c66342
_d66342